Spillways Lyrics-Ghost - Statistics

General Stats
  • This quiz has been taken 148 times
  • The average score is 230 of 257
Answer Stats
Answer % Correct
a
100%
I
100%
it
100%
to
100%
You
100%
you
100%
your
100%
Your
100%
all
98%
All
98%
and
98%
And
98%
it's
97%
It's
97%
of
97%
spillways
95%
Spillways
95%
the
95%
Through
95%
through
95%
try
95%
beast
92%
But
92%
but
92%
need
92%
rid
92%
this
92%
burning
90%
in
90%
mind
90%
that
90%
yearning
90%
benediction
89%
cruel
89%
now
89%
over
89%
such
89%
malediction
87%
soul
87%
about
86%
ain't
86%
faith
86%
feed
86%
off
86%
talking
86%
forgiveness
84%
rage
84%
inside
83%
stuck
83%
bleed
81%
feel
81%
pain
81%
casket
79%
mask
79%
ride
79%
you're
79%
keep
78%
make
78%
peel
76%
sin
76%
buried
75%
deep
75%
tried
75%
within
75%
alive
71%
into
71%
led
71%
back
68%
desolation
68%
shake
68%
When
68%
bliss
67%
consummated
65%
fall
63%
know
63%
skin
63%
spine
63%
want
62%
Corpus
59%
incarnation
59%
dei
57%
decay
56%
dispelled
56%
Human
56%
Terminally
56%
Vile
54%
stripped
52%
rags
46%
this time
24%
No matching quizzes found
Score Distribution
Percent of People with Each Score
Percentile by Number Answered
Your Score History
You have not taken this quiz